| 000 | 00660pam a2200205 a 4500 | ||
|---|---|---|---|
| 003 | OSt | ||
| 005 | 20260206134651.0 | ||
| 008 | 870413t19871972ilua 001 0 eng | ||
| 020 | _a060468246 | ||
| 040 |
_aKABLIB _cKABLIB _beng _erda |
||
| 082 | 0 | 0 |
_a323.042 _223 _bVER |
| 100 | 1 |
_aVerba, Sidney. _915548 |
|
| 245 | 1 | 0 |
_aParticipation in America : _bpolitical democracy and social equality / _cSidney Verba, Norman H. Nie. |
| 260 |
_aChicago : _bUniversity of Chicago Press, _cc1972. |
||
| 300 |
_axxiii, 428 p. : _bill. ; _c23 cm. |
||
| 504 | _aIncludes index. | ||
| 650 | 0 |
_aPolitical participation _910148 |
|
| 700 | 1 |
_aNie, Norman H. _915549 |
|
| 942 |
_2ddc _cBOOK |
||
| 999 |
_c6117 _d6117 |
||